• 首页
  • 本馆介绍
  • 公告通知
  • 最新文献
  • 馆藏检索
  • 电子资源
  • 读者导购
  • 参考咨询
  • 我的图书馆
  • 登录
  • 详细信息显示
  • 放入我的书架
  • 预约/预借图书
  • 作者相关作品
  • 分类相关作品
  • 丛书相关作品
  • 出版社相关作品

书目信息

  • 表格格式
  • 工作单格式
  • 卡片格式
题名:
全国室内五人制足球比赛组织工作手册
    
 
作者: 李连胜 主编
分册:  
出版信息: 北京   北京体育大学出版社  2004
页数: 257页
开本: 20cm
丛书名:
单 册:
中图分类: G808.22
科图分类:
主题词: 足球运动 , 运动竞赛 , 足球运动--运动竞赛--组织工作 , 组织工作
电子资源:
ISBN: 7-81100-091-1
000 00883nam0 2200253 450
001 002645103
005 20061104162644.53
010    @a7-81100-091-1@dCNY22.00
100    @a20040518d2004 em y0chiy0110 ea
101 0  @achi
102    @aCN@b110000
105    @ay z 000yy
200 1  @a全国室内五人制足球比赛组织工作手册@9quan guo shi nei wu ren zhi zu qiu bi sai zu zhi gong zuo shou ce@f李连胜主编
210    @a北京@c北京体育大学出版社@d2004
215    @a257页@d20cm
330    @a本手册内容包括章程、组织机构、竞赛组织、相关法规性文件、场地设施、安全保障、市场开发、新闻宣传、医疗救护、中国足球协会室内五人制足球运动大事记等十一章。
606 0  @a足球运动
606 0  @a运动竞赛
606 0  @a足球运动@x运动竞赛@x组织工作
606 0  @a组织工作
690    @aG808.22@v4
701  0 @a李连胜@9li lian sheng@4主编
801  0 @aCN@bNLC@c20061104
905    @a10447@dG808.22@e201
    
    全国室内五人制足球比赛组织工作手册/李连胜主编.-北京:北京体育大学出版社,2004
    257页;20cm
    
    
    ISBN 7-81100-091-1:CNY22.00
    本手册内容包括章程、组织机构、竞赛组织、相关法规性文件、场地设施、安全保障、市场开发、新闻宣传、医疗救护、中国足球协会室内五人制足球运动大事记等十一章。
●
相关链接 在E读中查询图书 在五车中查询图书 在当当中查询图书 在豆瓣中查询图书


正题名:全国室内五人制足球比赛组织工作手册     索取号:G808.22/201         预约/预借

序号 登录号 条形码 馆藏地/架位号 状态 备注
1 0380717   203807176   第一样本阅览室/ [索取号:G808.22/201] 在馆    
2 0380718   203807185   第四借阅区/ [索取号:G808.22/201] 在馆    
3 0380719   203807194   第四借阅区/ [索取号:G808.22/201] 在馆    
4 0380720   203807201   第四借阅区/ [索取号:G808.22/201] 在馆    
5 0380721   203807210   第四借阅区/ [索取号:G808.22/201] 在馆    
唐山师范学院图书馆 欢迎您!
大连网信软件有限公司© 版权所有